000 00334nam a2200133Ia 4500
008 240624s9999 xx 000 0 und d
041 _aeng
082 _a823 BHA
100 _aBHADURI ABHIJIT
245 _aMARRIED BUT AVAILABLE
260 _c2008
_aNew Delhi
_bHarperCollins
300 _aix, : 270 : p. : cm. ; 18
365 _cRS
_b25
999 _c18620
_d18620